00474nam a2200169 a 45000010005000000030009000050080041000140200015000550400028000700820014000981000033001122450018001452600056001633000028002195050020002476500037002677763CO-ViMGA141112s2004 ck r 000 u spa d a9500102129 aCO-ViMGAbspacCO-ViMGA04a373.7 M171 aTapia, Nelly, Alicia, Carlos10aMatematicas 3 aBuenos Aires : bÁngel Estrada y Cia S.A., c1994 alxvii, 528 p, il, 23 cm aMatemáticas 314aMatematicas - estudio, ensenanza